[Event "FIDE-Wch k.o."]
[Site "Groningen"]
[Date "1997.12.13"]
[Round "2.3"]
[White "Kaidanov, Gregory S"]
[Black "Zvjaginsev, Vadim"]
[Result "0-1"]
[WhiteElo "2600"]
[BlackElo "2635"]
[Annotator "Ribli,Z"]
[PlyCount "74"]
[EventDate "1997.12.09"]
[EventType "k.o."]
[EventRounds "7"]
[EventCountry "NED"]
[SourceTitle "CBM 063"]
[Source "ChessBase"]
[SourceDate "1998.03.26"]
[SourceVersion "1"]
[SourceVersionDate "1998.03.26"]
[SourceQuality "1"]

1. d4 d5 2. Nf3 Nf6 3. c4 e6 4. g3 dxc4 5. Bg2 Nc6 {Das ist eine chancenreiche
Variante für Schwarz. Ribli.} 6. O-O {Ein riskanter Zug. Weiß möchte seine
Entwicklung schnell beenden und strebt nach aktivem Spiel im Zentrum.} (6. Qa4
$5 {Mit diesem Zug kann Weiß den Bauern mit kleinem Vorteil und ohne Risiko
zurückgewinnen, was eine Hauptidee der Katalanischen Eröffnung ist.}) 6... Rb8
7. Nc3 b5 (7... a6) 8. e4 (8. Ne5 Nxe5 (8... Na5 9. Bc6+ $1 (9. b3 b4 10. bxc4
bxc3 11. Qa4+ c6 $19) (9. a4 b4 10. Nb5 Bb7 $13) (9. Nc6 Nxc6 10. Bxc6+ Bd7 $17
) 9... Bd7 10. Nxd7 Nxd7 11. Bxb5 $16 {Weiß besitzt das Läuferpaar und Schwarz
hat schlechte c-Bauern.}) 9. dxe5 Nd7 (9... Qxd1 10. Rxd1 Nd7 11. Bc6 $44 {
[%csl Gc6,Re8]}) (9... Nd5 10. Nxd5 exd5 11. Bxd5 Be7 $11) 10. Bc6 a6 (10... b4
$5) 11. Qd4 (11. Be3 Bb7 12. Bxb7 Rxb7 13. Qd4 Be7 14. Rfd1 Qc8 15. a4 b4 16.
Ne4 a5 17. Bg5 $44 {1-0 Summermatter,D-Costa,J/SWZ-chT 1991 (30)}) 11... Bb7 (
11... Rb6 12. Qe4 $44 (12. Bg2 c5 13. Qe3 Qc7 $17)) 12. Bxb7 Rxb7 13. Rd1 c5 $1
(13... c6 14. a4 Qb6 15. Qxb6 Rxb6 16. Be3 Rb8 17. axb5 axb5 18. Ne4 Nxe5 19.
Bf4 f6 20. Ra7 {Sosonko,G-Webb,R/EU-Cup 1987/1-0 (49)}) 14. Qg4 (14. Qe4 Qc7
$15) 14... Qc7 15. f4 Qc6 16. e4 b4 17. Nd5 exd5 18. exd5 Qg6 19. Qf3 h5 20. d6
Rb8 21. Be3 Qf5 {Vasilchenko,O-Ivanov,S/RUS-chT 1992/0-1 (50)}) 8... Be7 (8...
b4 9. Ne2 Nxe4 10. Nd2 $44) 9. Bf4 (9. Qe2 b4 (9... O-O 10. Rd1 Nb4 11. Ne5 Nd7
12. b3 Nxe5 13. dxe5 Qe8 14. Be3 cxb3 15. Bxa7 Rb7 16. axb3 c5 17. Rd6 {
1-0 Ulibin,M-Hauchard,A/Cappelle op 1995 (31)}) 10. Na4 Ba6 11. e5 Nd5 12. Qe4
c3 13. Re1 O-O 14. Nc5 Bb5 15. h4 cxb2 16. Bxb2 Na5 17. Qg4 Nc3 {1/2-1/2
Ulibin,M-Kogan,A/Cappelle op 1995}) (9. d5 $5) 9... O-O 10. a4 (10. d5 exd5 11.
exd5 Nb4 12. Nd4 Bd7 $15) 10... a6 (10... b4 11. Nb5 Rb7 12. Rc1 Na5 {[%csl
Rb5] Der weiße b5-Springer ist in großer Not.}) 11. axb5 axb5 $15 {Schwarz hat
einen Bauern mehr und Weiß wirklich etwas Initiative im Zentrum, aber nichts
konkretes. Daher glaube ich, daß diese Kompensation zu gering ist.} 12. Qe2 (
12. d5 exd5 13. exd5 (13. e5 Ne4 14. Nxd5 Bc5 $15) 13... Nb4 14. Nd4 Bd7 15.
Ra7 Bd6 $15) 12... b4 13. Na4 (13. Nd1 Nxd4 14. Qxc4 Nxf3+ 15. Bxf3 Rb7 16. e5
Nd5) (13. Qxc4 bxc3 14. Qxc6 cxb2 15. Rab1 Bb7 16. Qxc7 Bxe4 17. Qxb8 Qxb8 18.
Bxb8 Bxb1 19. Rxb1 Rxb8 $17) 13... Ba6 {[%cal Ga6f1]} (13... Nxd4 $6 14. Nxd4
Qxd4 15. Rfd1 {[%csl Rd4]} Qa7 16. Qxc4 $44) 14. Rfd1 (14. Nc5 Bb5 $15 15. Na6
$2 c3) 14... Bb5 {[%csl Gb5] Normalerweise hat Schwarz in der Katalanischen
Eröffnung Probleme mit der Entwicklung des weißfeldrigen Läufers. In unserer
Stellung ist der b5-Läufer aber die Schlüsselfigur: Er verteidigt den Bauern
auf c4, greift den a4- Springer an und es droht ...c4-c3.} 15. Qe1 Ra8 {
[%csl Ra4] Schwarz ist klar am Drücker. Der weiße Springer hat kein gutes Feld.
} 16. Nc5 Rxa1 17. Rxa1 Nxd4 18. Nxd4 Qxd4 $17 {Schwarz hat zwei Bauern mehr
und Weiß muß genau spielen, um sofortigen Partieverlust zu vermeiden.} 19. Be3
(19. Na6 Bxa6 20. Rxa6 Qxb2 $19 {[%csl Gb4,Gc4]}) 19... Qxb2 20. Rb1 Qa3 (20...
Qc3 $2 21. Qxc3 bxc3 22. Rxb5 Rd8 $13) 21. Qxb4 (21. Ra1 Qc3 $19) 21... Qxb4
22. Rxb4 c6 {Schwarz hat zwei Mehrbauern und beide sind gefährlich.} 23. f3 {
Weiß verhindert den möglichen Zug ...Ng4.} (23. Rb1 Ng4 $19 {[%csl Rc5,Re3]})
23... Nd7 $1 {[%cal Re7b4] Schwarz gibt zwei Leichtfiguren für den Turm, aber
er bekommt zwei verbundene Freibauern am Damenflügel.} 24. Rxb5 (24. Nxd7 Bxb4
25. Nxf8 Kxf8 $19 {[%cal Rc4c1]}) 24... cxb5 25. Nxd7 Rd8 {[%csl Gb5,Gc4,Gd8]}
26. Ne5 c3 27. Nc6 Rd1+ 28. Kf2 Ba3 {[%cal Rc3c1] Schwarz ist so schnell mit
seinen Freibauern, daß Weiß nichts unternehmen kann.} 29. Nd4 Bc5 $6 {Schwarz
steht auf Gewinn. Ich glaube, Zvjagincev war in Zeitnot und spielt daher einen
sicheren, aber langsamen Gewinnplan.} (29... Rxd4 $1 30. Bxd4 c2 31. Be3 Bc5
32. Ke2 Bxe3 $19) 30. Ke2 Rb1 $5 $19 {Es ist besser für Schwarz, den Turm auf
dem Brett zu behalten, denn in Endspielen mit ungleichfarbigen Läufern hat
Weiß einige Remischancen.} (30... Rxd4 31. Bxd4 Bxd4 $17) (30... Bxd4 31. Kxd1
Bxe3 $17) 31. Kd3 b4 32. Nc2 Bxe3 33. Nxe3 (33. Kxe3 b3 $19) 33... Rb2 34. Nc2
b3 35. Ne3 c2 (35... Re2 $22 $19 36. Kxe2 b2) 36. Kd2 Rb1 37. Nxc2 Rb2 {
und Weiß gab in hoffnungsloser Stellung auf. Eine von Zvjaginsev sehr stark
gespielte Partie. Ribli.} (37... bxc2 38. Kxc2 Rg1 39. Bh3 Rh1 $19) 0-1

[Event "Olympiad-34"]
[Site "Istanbul"]
[Date "2000.11.04"]
[Round "7.2"]
[White "Ilincic, Zlatko"]
[Black "Shabalov, Alexander"]
[Result "1/2-1/2"]
[WhiteElo "2563"]
[BlackElo "2601"]
[Annotator "Ribli,Z"]
[PlyCount "129"]
[EventDate "2000.10.28"]
[EventType "team-swiss"]
[EventRounds "14"]
[EventCountry "TUR"]
[SourceTitle "EXT 2001"]
[Source "ChessBase"]
[SourceDate "2000.11.22"]
[SourceVersion "1"]
[SourceVersionDate "2000.11.22"]
[SourceQuality "1"]
[WhiteTeam "Yugoslavia"]
[BlackTeam "US of America"]
[WhiteTeamCountry "YUG"]
[BlackTeamCountry "USA"]

1. d4 e6 2. c4 d5 3. Nf3 Nf6 4. g3 {Der jugoslawische Großmeister spielt gerne
Systeme mit g3-Bg2.} dxc4 5. Bg2 a6 6. O-O Nc6 7. Nc3 (7. e3) 7... Rb8 8. e4 {
Weiß hat Kompensation für den Bauern - sein Zentrum ist stark.} Be7 9. d5 exd5
(9... Nb4 10. Ne5 Nd3 $5 (10... exd5 11. exd5 {Das führt zur Partiefortsetzung.
})) 10. exd5 Nb4 11. Ne5 Bf5 12. a3 (12. Bg5 O-O 13. a3 Nbxd5 $1 14. Nxd5 Nxd5
15. Bxd5 Bxg5 16. Qf3 Qf6 17. Rfe1 Be6 18. Qxf6 Bxf6 19. Bxe6 fxe6 20. Nxc4 Bd4
21. Re2 Rbd8 {0-1 Wojtkiewicz,A-Kveinys,A/Mikolajki 1991/EXT 2000 (49)}) 12...
Nd3 (12... Nc2 $2 13. Rb1 O-O 14. g4 $18 {[%csl Rc2,Rf5]}) 13. Nxc4 {Weiß hat
den Bauern zurück gewonnen und hat Raumvorteil.} Nxc1 (13... O-O $5) 14. Rxc1
O-O 15. Qd4 {Weiß kontrolliert mehr Raum, aber die schwarze Stellung ist
solide.} (15. b4 Ne8 16. Qf3 (16. h4 Nd6 17. Ne3 Bd7 18. Ne4 Nxe4 19. Bxe4 f5
20. Bd3 f4 21. Qh5 g6 {1/2-1/2 Kachiani Gersinska,K-Misanovic,V/Cetinje 1991/
EXT 97 (21)}) 16... g6 17. Rfe1 Nd6 18. Nxd6 Bxd6 19. Ne4 Bxe4 20. Rxe4 Qg5 21.
Rd1 {1/2-1/2 Ruck,R-Tukmakov,V/Porec 1998/EXT 99 (31)}) 15... Ne8 {[%cal Ge8d6]
Das ist ein guter Springerzug - Schwarz bereitet Nd6 vor.} (15... Nd7 16. d6
Bxd6 17. Nxd6 cxd6 18. Qxd6 Qb6 19. Qxb6 Nxb6 20. Rfd1 Be6 21. Nd5 Nxd5 22.
Bxd5 Bxd5 23. Rxd5 g6 24. Kg2 Rfc8 25. Rxc8+ Rxc8 26. Rd7 b5 27. Rd6 a5 28. Rd5
b4 29. axb4 axb4 30. Rb5 Rc4 31. Kf3 {1-0 Ivanchuk,V-Karpov,A/Monaco 2000/CBM
75 (44)}) (15... Re8) 16. Rfe1 (16. Ne3 Bd7 17. Ne4 Nd6 18. Nc5 Bb5 19. Rfe1
Bf6 20. Qd2 b6 21. Nb3 Qd7 22. Nd4 Rbe8 23. b3 a5 24. Nxb5 {1/2-1/2 Kaidanov,
G-Shabalov,A/Seattle 2000/CBM 80_02 (24)}) (16. Rfd1 Bg5 17. Ne3 Nd6 18. h4 Bf6
19. Qf4 Bd7 20. Ng4 Bxg4 21. Qxg4 Re8 22. Rc2 Be5 23. Na4 b6 24. Nc3 f5 25. Qg5
Qd7 26. Ne2 Ne4 27. Qc1 Re7 {1/2-1/2 Leski,M-Polak,T/Portoroz 1998/EXT 99 (27)}
) 16... Nd6 17. Ne5 Re8 {Schwarz hat eine bequeme Stellung - der Springer
steht sehr stark auf d6 und der gegnerische Läufer spielt eine passive Rolle
auf g2.} (17... Bf6 18. f4 Re8 19. h3 h6 20. Kh2 Re7 21. Ne2 Qe8 22. Ng1 g5 23.
Ngf3 Rd8 24. Qb4 gxf4 25. Qxf4 Bg7 26. b3 Be4 27. Ng4 {1-0 Miton,K-Ostrowski,L/
Zakopane chT 2000/The Week in Chess 310 (38)}) 18. h3 $5 {Auf den ersten Blick
sieht das nach einem genügsamen Zug. Weiß möchte anschließend seine
Springerstellung mit f2-f4 festigen und vermeidet zudem Motive auf der
Diagonale a7-g1.} Bf8 $11 (18... Bf6 19. f4) 19. Kh2 Qf6 (19... f6 20. Nd3 $14
{[%cal Gd3c5,Gc5e6,Gd3f4,Gf4e6]}) 20. f4 h5 {Schwarz sichert die Stellung
seines Läufers gegen g4. In einigen Varianten möchte er h5-h4 ziehen.} 21. h4
Rbd8 {[%cal Gd8d2]} 22. Ne2 {Weiß öffnet die c-Linie für den Turm. Der
Springer kann später einmal das Feld d4 anvisieren.} Bh7 {[%cal Gd6f5]} 23. Qa4
(23. Rxc7 $2 Nb5 $19) 23... Nf5 $5 {Der amerikanische Großmeister
verkompliziert das Spiel. Der Springer strebt an den Königsflügel. Wenn Weiß
den Pc7 nicht nimmt, kann Schwarz Bd6 ziehen.} (23... Nb5 $11) 24. Rxc7 {[#]}
Nxg3 $5 $13 {[%mdl 64] Dieser Zug ist eben so schön wie überraschend. Das
schwarze Läuferpaar zeigt sich jetzt, denn es gibt Motive auf der Diagonale
b8-h2. Aber wer kann schon alle Varianten - besonders auf dem Brett -
kalkulieren? Meiner Meinung nach ist dieser Zug psychologisch stärker als in
Wirklichkeit.} 25. Nxg3 (25. Rxf7 Qxh4+ 26. Kg1 (26. Bh3 Rxe5 27. Rxf8+ Rxf8
$19) 26... Nxe2+ 27. Rxe2 Bc5+ 28. Kf1 Rxe5 $19) (25. Kxg3 Rxe5 26. fxe5 Qxe5+
27. Qf4 Bd6 28. Qxe5 Bxe5+ 29. Nf4 Bxc7 30. Re7 $11) 25... Qxh4+ (25... Bd6 $6
26. Rd7 b5 (26... Bc2 27. Qxc2 Rxd7 28. Kh3 $16) 27. Rxd8 Rxd8 28. Qa5 Qxh4+
29. Bh3 $16) 26. Bh3 Bf5 $1 27. Nxf5 Qxe1 {Schwarz hat R+P gegen N+N. Die
weiße Königsstellung ist schwach.} 28. Qd4 $8 {Die Dame muss nach d4 ziehen,
sonst kommt 28...Rxe5 oder 28...Qf2+.} f6 29. Nf3 (29. Nd7 Re2+ 30. Bg2 Qf1 $2
(30... Rxg2+ 31. Kxg2 Qe2+ 32. Kh1 (32. Kg1 Qg4+ $17) 32... Qf1+ $11) 31. Nxf6+
(31. Ne3 Qf2) 31... gxf6 (31... Kh8 32. Nh4 $18) 32. Ne3 Qf2 33. Qxf6 Qxf4+ 34.
Qxf4 Bd6 35. Qxd6 Rxd6 36. Nf5 $18) 29... Re2+ 30. Bg2 Qb1 (30... Qf2 31. Qxf2
Rxf2 32. Rxb7 Rxd5 33. N5d4 g5 $13) (30... Qf1 31. N3h4 $16) 31. N3h4 Rde8 $1 (
31... Qxb2 $2 32. Qd3 $18 {Es droht 33.Nh6+ mit Gewinn.}) 32. Ng3 (32. d6 Rxg2+
33. Kxg2 (33. Nxg2 Qxf5 $15) 33... Re2+ 34. Kf3 Qf1+ 35. Kg3 Qe1+ $11) 32...
Qxb2 33. Nxe2 (33. Qxb2 Rxb2 $13) 33... Qxe2 {Schwarz hat nur zwei Bauern für
die Figur, aber der weiße König steht unsicher.} 34. d6 Qg4 35. Nf3 (35. Qd5+
Kh8 36. Nf3 Re2 $40) 35... h4 36. Ng1 Re1 (36... Rd8 37. d7 $18) 37. Qc4+ $6 (
37. d7 $1 Be7 38. d8=Q+ Bxd8 39. Qxd8+ Kh7 40. Qd3+ Kh6 41. Qf3) 37... Kh7 38.
Qd3+ $2 (38. d7 $1 Be7 39. Rc8 $18) 38... Kh6 {[%csl Gh6]} 39. Qf3 (39. d7 $2
Qxf4+ 40. Kh1 Bd6 $19) 39... Qg3+ (39... Qxf3 40. Nxf3 Bxd6 41. Nxe1 Bxf4+ 42.
Kh3 Bxc7 $11) 40. Qxg3 hxg3+ 41. Kxg3 Bxd6 {[%mdl 4096] Schwarz hat wieder
zwei Bauern für die Figur, aber das Material ist bereits reduziert - er steht
nicht schlechter.} 42. Nf3 $11 (42. Rd7 Bxa3 43. Nf3 Re7 $11) 42... Re4 {
[%csl Rf4]} 43. Rxb7 Rxf4 $6 (43... Bxf4+ {Dieser Zug wäre viel einfacher als
die Partiefortsetzung.} 44. Kf2 Ra4 45. Rb3 Bd6 $11) 44. Rd7 Rd4+ 45. Kh3 Rd3 {
[%csl Rf3,Rg2] Weiß hat Probleme bei der Koordination seiner Figuren.} 46. Bh1
(46. a4 a5 $11) 46... a5 47. Kg2 Rd1 48. Ne1 Rxe1 49. Rxd6 {Weiß hat eine
Figur für zwei Bauern, aber er kann seinen letzten Bauern nicht verteidigen
und der Bh1 steht schreklich.} Re3 {[%csl Ra3] Schwarz gewinnt den letzten
weißen Bauern.} 50. Kf2 Rxa3 {Wer spielt hier auf Gewinn? Weiß muss drei
Bauern gewinnen, um ein Endspiel R+B gegen R zu erreichen, und selbst das ist
- bei guter Verteidigung - theoretisch Remis. Andererseits kann auch Schwarz
nicht gewinnen, denn es fehlt die Verbindung zwischen seinen Bauern und die
Bauern sind noch nicht vorgerückt.} 51. Be4 Rb3 52. Ra6 Rb5 53. Ke3 Kg5 54. Bc6
Rb3+ (54... Rc5 $6 55. Kd4 Re5 56. Bd5) 55. Kd2 Ra3 56. Kc2 f5 {Statt passiver
Verteidigung - was auch ausreichen würde - mobilisiert Schwarz seine Bauern.}
57. Kb2 Rd3 58. Rxa5 Kf4 {[%cal Gg7g5]} 59. Kc2 Rd8 {[%cal Gd8d1] Der weiße
König ist von den Bauern abgeschnitten.} 60. Bd5 Ke3 (60... g5 61. Be6 Rf8 62.
Kd3) 61. Bc4 f4 62. Ra7 g5 63. Re7+ Kf3 64. Be2+ Kg3 65. Rg7 (65. Rg7 f3 $11)
1/2-1/2

[Event "Olympiad-34"]
[Site "Istanbul"]
[Date "2000.11.05"]
[Round "8.2"]
[White "Lputian, Smbat G"]
[Black "Milov, Vadim"]
[Result "1/2-1/2"]
[WhiteElo "2598"]
[BlackElo "2626"]
[Annotator "Ribli,Z"]
[PlyCount "120"]
[EventDate "2000.10.28"]
[EventType "team-swiss"]
[EventRounds "14"]
[EventCountry "TUR"]
[SourceTitle "EXT 2001"]
[Source "ChessBase"]
[SourceDate "2000.11.22"]
[SourceVersion "1"]
[SourceVersionDate "2000.11.22"]
[SourceQuality "1"]
[WhiteTeam "Armenia"]
[BlackTeam "Switzerland"]
[WhiteTeamCountry "ARM"]
[BlackTeamCountry "SUI"]

1. d4 Nf6 2. Nf3 d5 3. c4 e6 4. g3 dxc4 5. Bg2 a6 6. O-O Nc6 {Diese Variante
ist sehr populär in der letzten Zeit. In der Folge möchte Schwarz Rb8 und b5
ziehen, um seinen Mehrbauern zu halten.} 7. e3 (7. Nc3) 7... Rb8 (7... Bd7 8.
Qe2 b5 9. Rd1 Be7 10. e4 $44) 8. Nfd2 (8. Qe2) 8... Qd7 {Das ist Milovs
Lieblingsfortsetzung in dieser Variante. Mit diesem ruhigen Zug möchte Schwarz
den Nc6 verteidigen und die Entwicklung des Damenflügels mit b5-Bb7 beenden.
Die alternative Fortsetzung 8...e5 führt hignegen zu lebendigem Spiel.} (8...
e5 $5 9. Bxc6+ (9. Nxc4 exd4 10. exd4 Nxd4 11. Bf4 Bg4 12. Re1+ Be7 13. Nd6+
cxd6 14. Qxd4 O-O 15. Nc3 {1/2-1/2 Butnorius,A-Anikaev,Y/Severodonetsk 1982/
EXT 99 (44)}) 9... bxc6 10. dxe5 Ng4 11. Nxc4 Be6 $5 12. Qc2 $5 (12. Qe2 Qd5
13. b3 Nxe5 14. Nxe5 Qxe5 15. Bb2 Qb5 16. Nc3 Qxe2 17. Nxe2 f6 18. Rac1 c5 19.
Nf4 Bf7 20. Nd3 Rb5 21. Ba3 c4 22. Bxf8 Rxf8 23. bxc4 Ra5 {1/2-1/2 Shvidler,
E-Mikhalevski,A/Israel 1996/CBM 52 ext (48)}) 12... h5 $1 13. Rd1 Qc8 14. Qe4
$1 Bd5 15. Rxd5 cxd5 16. Qxd5 Be7 17. h3 $2 (17. e6 $1 h4 18. Qd7+ $1 Qxd7 19.
exd7+ Kxd7 20. h3 $14) 17... Nxf2 $1 18. Kxf2 Qxh3 19. Qg2 Qg4 (19... Qf5+ $1
20. Qf3 Qc2+ 21. Nbd2 h4 22. gxh4 Rxh4 $1 $17) 20. Nbd2 h4 {1-0 Tukmakov,
V-Mikhalevski,A/Biel (open) 73/556 1998/Inf 73/[Tukmakov,V] (52)}) 9. Nxc4 b5
10. Ncd2 {[%csl Yc5][%cal Gd2b3,Gb3c5] Der Mohr hat seine Schuldigkeit getan,
der Mohr kann gehen. Weiß hat mit dem Springer den Pc4 zurück gewonnen, nun
geht der Springer wieder nach d2. - Aber inzwischen ist das Feld c5 durch
b7-b5 geschwächt, so dass Weiß in der Folge gut Nb3 ziehen kann.} (10. Ne5 Nxe5
11. dxe5 Qxd1 12. Rxd1 Nd7 13. f4 Bc5 14. Nc3 Bb7 15. Bxb7 Rxb7 16. Kf2 Bb4 17.
Ne4 Nc5 18. Kf3 Nxe4 19. Kxe4 Bc5 20. a4 Ke7 21. axb5 axb5 22. b3 {1/2-1/2
Kachiani Gersinska,K-Kveinys,A/Regensburg 1996/CBM 50 ext (61)}) 10... Bb7 (
10... e5) 11. Nc3 (11. a4 Be7 12. axb5 axb5 13. Nc3 Nd8 14. Bxb7 Nxb7 $6 (14...
Rxb7 15. Nf3 O-O 16. Ne5 Qc8 $11 {/\c5}) 15. Nf3 O-O 16. Ne5 Qe8 17. Ra7 b4 18.
Na4 {1/2-1/2 Gelfand,B-Milov,V/Biel 2000/CBM 79_02/[Milov] (37)}) (11. Nb3 Nd8)
11... Nd8 {Schwarz entwickelt den Königsflügel noch nicht, er möchte zuerst
den Ausgleichszug c7-c5 durchsetzen.} (11... Be7 12. Nde4 $11) 12. Nf3 $5 {
[%cal Gf3e5]} (12. Nb3 Bxg2 13. Kxg2 Nb7 $11 {[%cal Gc7c5]}) 12... c5 (12...
Bd6 13. Qe2 $11) 13. e4 $5 {Dieser Zug ist interessant, aber ich bin mir nicht
sicher, ob er auch korrekt ist.} cxd4 (13... b4 14. Na4 Nxe4 $13) (13... Nxe4
$2 14. Ne5 Qxd4 (14... Nxc3 15. Nxd7 Nxd1 16. Nxb8 $18) 15. Qxd4 cxd4 16. Nxe4
$18) 14. Nxd4 Nc6 $11 {Weiß hat Entwicklungsvorteil, aber Schwarz kontrolliert
die wichtighsten Punkte. Die Diagonale des Bg2 ist durch den Pe4 geschlossen.}
(14... b4 15. Bf4 (15. Nce2 Nxe4 $17) 15... Bd6 (15... Rc8 16. Na4 $13) (15...
bxc3 $6 16. Bxb8 cxb2 17. Rb1 $16) 16. Bxd6 Qxd6 17. Qa4+ Kf8 18. Nce2 Bxe4 19.
Bxe4 Nxe4 20. Rfd1 $44) 15. Bf4 (15. Nxc6 Qxc6 $11 (15... Qxd1 16. Rxd1 Bxc6
17. Bf4 Rc8 $11)) 15... Rc8 (15... Rd8 $5) 16. Nb3 Bb4 (16... b4 17. Na4 $14 {
[%csl Yb6,Yc5]}) 17. e5 (17. Rc1 Qe7 $11 (17... e5 18. Bg5 Nd4 19. Nxd4 exd4
20. Bxf6 gxf6 21. Nd5 Bxd5 22. exd5 $16) (17... O-O 18. e5 $14)) 17... Qxd1 18.
Rfxd1 Nd7 (18... Bxc3 19. bxc3 Nd5 20. Bxd5 (20. Nc5 Na5 21. Nxb7 Nxb7 22. Bxd5
exd5 23. Rxd5 Rxc3 24. Rad1 $14) 20... exd5 21. Rxd5 Nb4 22. Rc5 $16) 19. Ne4
$5 {Weiß opfert einen Bauern und strebt Aktivität am Damenflügel an.} (19. Rac1
$14) (19. a4 $14) 19... Ndxe5 (19... Ncxe5 20. Nf6+ gxf6 21. Bxb7 $36 {[%cal
Rb7a6,Rb7c8]}) 20. Nec5 (20. Bxe5 $6 Nxe5 21. Nf6+ gxf6 22. Bxb7 Rb8 23. Bxa6
Rb6 24. Rac1 O-O 25. Bc8 Nc4 $15) 20... Bxc5 21. Bxe5 (21. Nxc5 Ba8 22. Nxa6
O-O $11) 21... Bb6 (21... Bf8 $6 22. Rac1 $44) 22. Bxg7 $14 {Mit diesem Zug
gewinnt Weiß den Bauern zurück. Sein Vorteil ist jedoch nur mikroskopisch: der
Bg2 ist etwas aktiver als der Bb7, und die weiße Bauernstruktur am
Königsflügel ist gesund.} Rg8 23. Bf6 (23. Bc3) 23... Rg6 24. Bc3 Rc7 $1 {
[%mdl 256] Schwarz verteidigt den Bb7. Anschließend möchte er mit Ne7 den
starken katalanischen Läufer abtauschen.} 25. Rac1 Ne7 26. Be5 (26. Bxb7 $5
Rxb7 27. Bd4 $14) 26... Rxc1 27. Rxc1 Bxg2 28. Kxg2 Kd7 {Der schwarze König
steht aktiv im Zentrum. Schwarz hat keine besonderen Probleme, aber der Rg6
steht ein wenig Abseits vom Geschehen.} 29. Bd4 Bxd4 30. Nxd4 {[%mdl 4096]} Rg5
$11 {[%cal Gg5d5] Der schwarze Turm findet Spiel auf der fünften Reihe.} 31.
Nb3 Rd5 (31... Kd6 32. Na5 {[%cal Ga5b7,Gb7c5]}) 32. Nc5+ Kd6 33. b4 $1 (33.
Nxa6 Rd2 34. Rb1 Nd5 $11 {[%csl Ra6]}) 33... Nf5 (33... Nc6 34. Nxa6 Rd2 35. a3
Rd3 36. Ra1 $14) 34. Nxa6 Rd2 35. Nc7 Nd4 {[%csl Gd2,Gd4,Gd6] Schwarz hat
aktives Figurenspiel, das ist sein Gegenwert für den Bauern.} 36. Rc5 Rxa2 37.
Nxb5+ Nxb5 38. Rxb5 $14 Rb2 {[%csl Gb2] Der Turm hat sein Idealfeld auf b2
eingenommen - er kontrolliert die weißen Bauern am Königsflügel und
gleichzeitig den b-Bauern.} 39. Rb7 f5 40. Rxh7 (40. b5 h5 41. h4 $14 {Weiß
hat einen Bauern mehr, aber bei gutem schwarzen Spiel ist das Endspiel Remis.})
40... Rxb4 41. Rf7 {[%csl Gf7] Der Turm steht aktiv auf f7 und schränkt die
Bewegungen des schwarzen Königs ein.} Rb8 42. h4 Ke5 43. f3 (43. h5 $2 Rh8 $11)
43... Rb2+ 44. Kh3 Rb1 45. Rf8 Ra1 46. Rh8 Ra3 47. h5 Kf6 $11 {Das Schlagen
des Bauern wäre auch gut, aber der Textzug führt einfach zum Remis.} (47...
Rxf3 48. h6 Rf1 49. Kh4 (49. Kg2 Ra1 50. h7 Ra7 $11) 49... Rh1+ 50. Kg5 Rh3 51.
g4 $11) 48. f4 Kg7 49. Re8 Kf7 (49... Kh6 $2 50. Kh4 (50. Rxe6+ Kxh5 51. Rf6
Ra5 $11) 50... Re3 51. Rg8 e5 52. Rg6+ Kh7 53. Rf6 $16) 50. Rb8 Ra1 51. Rb7+
Kf6 52. Rh7 Rh1+ 53. Kg2 Ra1 54. Rh6+ Kf7 55. Rg6 Rb1 {Schwarz kann mit
einfachen Wartezügen das Remis halten.} 56. g4 fxg4 57. Rxg4 Kf6 58. h6 Rb2+
59. Kg3 Rb3+ 60. Kg2 (60. Kh4 Rb1 $11) 60... Rb2+ 1/2-1/2